000 00656cam a22002293a 4500
001 20545
003 PGUSA
005 20140828083434.0
008 070208s2007||||xxu|||||s|||||000 | eng d
040 _aPGUSA
_beng
042 _adc
050 4 _aPH
100 1 _aKiljander, Robert,
_d1848-1924
245 1 0 _aPukkisen pidot :
_bKaksinäytöksinen huvinäytelmä
_h[electronic resource] /
_cRobert Kiljander
260 _bProject Gutenberg,
_c2007
506 _aPublic domain in the USA.
516 _aElectronic text
653 _aFinnish drama
830 0 _aProject Gutenberg
_v20545
856 4 0 _uhttp://www.gutenberg.org/ebooks/20545
942 _cEB
999 _c249800
_d249800